| 000 | 00362nam a22001337a 4500 | ||
|---|---|---|---|
| 999 |
_c8075 _d8075 |
||
| 003 | OSt | ||
| 005 | 20200706110159.0 | ||
| 008 | 200706b ||||| |||| 00| 0 eng d | ||
| 082 |
_a720.959 _bCHA |
||
| 100 |
_a Chan, Soo, _d1962- |
||
| 245 | _aSCDA architects II : the architecture of Soo Chan | ||
| 260 |
_aAustralia _bImages Publishing Dist Ac _c 2013 |
||
| 942 | _2ddc | ||